[Event "Katowice rapid op"]
[Site "Katowice"]
[Date "2025.05.31"]
[Round "7"]
[White "Skawinski, Arkadiusz"]
[Black "Hasterok, Mateusz"]
[Result "1-0"]
[WhiteElo "2269"]
[BlackElo "2112"]
[PlyCount "89"]
[EventDate "2025.05.31"]
[EventType "swiss"]
[EventRounds "11"]
[EventCountry "POL"]
[SourceTitle "CB24_2025"]
[SourceDate "2025.06.11"]
[SourceVersion "1"]
[SourceVersionDate "2025.06.11"]
[SourceQuality "1"]

1. e4 c5 2. Nc3 e6 3. d4 cxd4 4. Qxd4 Nc6 5. Qe3 Be7 6. Nf3 d5 7. exd5 exd5 8. Nb5 Nf6 9. Bd3 0-0 10. 0-0 a6 11. Nbd4 Re8 12. Qf4 Bd6 13. Qh4 Nb4 14. Bg5 Nxd3 15. Bxf6 Qxf6 16. Qxf6 gxf6 17. cxd3 Be5 18. h3 Bd7 19. Rfe1 Rac8 20. Kf1 Kf8 21. Re2 Bf4 22. Rae1 Rxe2 23. Nxe2 Bh6 24. Nfd4 Kg7 25. f4 Kg6 26. Kf2 Bf8 27. g4 f5 28. Kf3 fxg4+ 29. hxg4 f6 30. Nc3 Bc5 31. f5+ Kf7 32. Ne6 Bd6 33. Rh1 Kg8 34. Re1 Bc6 35. d4 Bb4 36. Rc1 Bd7 37. Nf4 Bd6 38. Nce2 Rxc1 39. Nxc1 h5 40. Nxh5 Kf7 41. Nf4 Bc6 42. Nce2 Bc7 43. Nc3 Bb6 44. Ke3 Ke7 45. Nfxd5+ 1-0

[Event "Katowice rapid op"]
[Site "Katowice"]
[Date "2025.05.31"]
[Round "9"]
[White "Skawinski, Arkadiusz"]
[Black "Wilk, Krzysztof"]
[Result "1-0"]
[WhiteElo "2269"]
[BlackElo "2133"]
[PlyCount "69"]
[EventDate "2025.05.31"]
[EventType "swiss"]
[EventRounds "11"]
[EventCountry "POL"]
[SourceTitle "CB24_2025"]
[SourceDate "2025.06.11"]
[SourceVersion "1"]
[SourceVersionDate "2025.06.11"]
[SourceQuality "1"]

1. e4 c6 2. d4 d5 3. f3 f5 4. e5 e6 5. f4 c5 6. c3 Nc6 7. Nf3 Qb6 8. Na3 cxd4 9. cxd4 Bd7 10. Nc2 Na5 11. Bd3 Bb5 12. 0-0 Bxd3 13. Qxd3 Nh6 14. b3 Rc8 15. Bd2 Be7 16. Rac1 0-0 17. Ne3 Rxc1 18. Rxc1 Ba3 19. Rc2 Nc6 20. h3 a6 21. Kh2 Be7 22. a4 Bb4 23. Bc1 Be7 24. Bd2 Bb4 25. Bc1 Qa5 26. Ng5 Re8 27. Nf1 Qb6 28. Be3 Nf7 29. Nxf7 Kxf7 30. g4 g6 31. gxf5 exf5 32. Bf2 Be7 33. Rc3 Nd8 34. Ne3 Ke6 35. Nxd5 1-0

[Event "Karlsruhe Grenke op"]
[Site "Karlsruhe"]
[Date "2025.04.19"]
[Round "4"]
[White "Skawinski, Arkadiusz"]
[Black "Langner, Robin"]
[Result "0-1"]
[WhiteElo "2329"]
[BlackElo "2061"]
[PlyCount "102"]
[EventDate "2025.04.17"]
[EventType "swiss"]
[EventRounds "9"]
[EventCountry "GER"]
[SourceTitle "CB17_2025"]
[SourceDate "2025.04.23"]
[SourceVersion "1"]
[SourceVersionDate "2025.04.23"]
[SourceQuality "1"]

1. Nf3 c5 2. g3 Nc6 3. Bg2 g6 4. 0-0 Bg7 5. d3 d6 6. e4 Rb8 7. c3 Nf6 8. d4 0-0 9. Re1 e5 10. h3 Re8 11. d5 Ne7 12. a4 Rf8 13. Nbd2 Ne8 14. Nc4 h6 15. Nh2 f5 16. exf5 gxf5 17. f4 e4 18. Kh1 Nf6 19. Ne3 Ng6 20. Rf1 b6 21. b4 Qe8 22. Rb1 cxb4 23. cxb4 Qf7 24. Bb2 Ne7 25. Bxf6 Bxf6 26. Rc1 Bb7 27. g4 Bxd5 28. Rc7 Bb3 29. Qxd6 Rbd8 30. Rd7 Nc8 31. Rxf7 Nxd6 32. Rc7 Bd4 33. Nxf5 Rxf5 34. Rb1 Ba2 35. Rd1 Rf7 36. Rxf7 Nxf7 37. Bxe4 Bb3 38. Rc1 Be3 39. Rc3 Rd1+ 40. Kg2 Bxf4 41. Nf3 Bxa4 42. Rc8+ Rd8 43. Rc3 Ng5 44. Bb7 Bd1 45. Nh4 Rd2+ 46. Kf1 Ba4 47. Rc8+ Kf7 48. Nf5 Bb5+ 49. Ke1 Rh2 50. Rd8 Nxh3 51. Rd4 Re2+ 0-1

[Event "Palmanova op 13th"]
[Site "Palmanova"]
[Date "2025.01.03"]
[Round "8"]
[White "Aarav, A."]
[Black "Skawinski, Arkadiusz"]
[Result "0-1"]
[WhiteElo "2186"]
[BlackElo "2330"]
[PlyCount "68"]
[EventDate "2024.12.27"]
[EventType "swiss"]
[EventRounds "9"]
[EventCountry "ITA"]
[SourceTitle "CB02_2025"]
[SourceDate "2025.01.08"]
[SourceVersion "1"]
[SourceVersionDate "2025.01.08"]
[SourceQuality "1"]

1. Nf3 d5 2. g3 Nf6 3. Bg2 e6 4. 0-0 Be7 5. d3 0-0 6. Bf4 b6 7. c4 Bb7 8. Nc3 c5 9. e4 d4 10. Nb1 Nc6 11. e5 Nd7 12. h4 f5 13. exf6 Bxf6 14. Ng5 Bxg5 15. Bxg5 Qc7 16. Qe2 Nce5 17. Bf4 Bxg2 18. Kxg2 Qc6+ 19. Kh3 Nf3 20. Nd2 Nxd2 21. Bxd2 Rf3 22. Rae1 e5 23. Qe4 Qe6+ 24. Kg2 Raf8 25. b4 Qf5 26. Qxf5 R8xf5 27. bxc5 bxc5 28. Rb1 Rxd3 29. Rb7 Rxd2 30. Rxd7 e4 31. Kh3 Rfxf2 32. Rh1 h5 33. Rd5 e3 34. Rxh5 e2 0-1

[Event "Palmanova op 13th"]
[Site "Palmanova"]
[Date "2025.01.03"]
[Round "9"]
[White "Skawinski, Arkadiusz"]
[Black "Gkoumas, Georgios"]
[Result "1/2-1/2"]
[WhiteElo "2330"]
[BlackElo "2449"]
[PlyCount "33"]
[EventDate "2024.12.27"]
[EventType "swiss"]
[EventRounds "9"]
[EventCountry "ITA"]
[SourceTitle "CB02_2025"]
[SourceDate "2025.01.08"]
[SourceVersion "1"]
[SourceVersionDate "2025.01.08"]
[SourceQuality "1"]

1. e4 c5 2. Nf3 Nc6 3. Bb5 g6 4. Bxc6 dxc6 5. d3 Bg7 6. 0-0 Nf6 7. Nc3 Bg4 8. h3 Bxf3 9. Qxf3 0-0 10. Be3 Qd6 11. Rad1 e5 12. g4 Nd7 13. Kh1 Rad8 14. Qg3 c4 15. a3 cxd3 16. Rxd3 Qc7 17. Rfd1 1/2-1/2

[Event "Palmanova op 13th"]
[Site "Palmanova"]
[Date "2024.12.31"]
[Round "6"]
[White "Stankovic, Milos"]
[Black "Skawinski, Arkadiusz"]
[Result "1/2-1/2"]
[WhiteElo "2462"]
[BlackElo "2330"]
[PlyCount "51"]
[EventDate "2024.12.27"]
[EventType "swiss"]
[EventRounds "9"]
[EventCountry "ITA"]
[SourceTitle "CB02_2025"]
[SourceDate "2025.01.08"]
[SourceVersion "1"]
[SourceVersionDate "2025.01.08"]
[SourceQuality "1"]

1. d4 d5 2. Nc3 e6 3. Bf4 a6 4. e3 c5 5. Nf3 Nc6 6. a3 Nf6 7. h4 b5 8. h5 h6 9. Ne5 Bb7 10. Qf3 Qa5 11. Rd1 c4 12. Be2 Nxe5 13. Bxe5 Ne4 14. 0-0 Nxc3 15. bxc3 Qxc3 16. Qg3 Rc8 17. Bg4 Qxc2 18. f4 f5 19. Bh3 Bc6 20. Qg6+ Ke7 21. Bxg7 Bxg7 22. Qxg7+ Kd6 23. Qe5+ Kd7 24. Qg7+ Kd6 25. Qe5+ Kd7 26. Qg7+ 1/2-1/2

[Event "Palmanova op 13th"]
[Site "Palmanova"]
[Date "2024.12.29"]
[Round "4"]
[White "Rossi, Gabriele Valerio"]
[Black "Skawinski, Arkadiusz"]
[Result "1/2-1/2"]
[WhiteElo "2007"]
[BlackElo "2330"]
[PlyCount "26"]
[EventDate "2024.12.27"]
[EventType "swiss"]
[EventRounds "9"]
[EventCountry "ITA"]
[SourceTitle "CB02_2025"]
[SourceDate "2025.01.08"]
[SourceVersion "1"]
[SourceVersionDate "2025.01.08"]
[SourceQuality "1"]

1. d4 d5 2. c4 e6 3. g3 Nf6 4. Bg2 dxc4 5. Nf3 c5 6. 0-0 Nc6 7. dxc5 Qxd1 8. Rxd1 Bxc5 9. Nbd2 Ke7 10. Nxc4 Bd7 11. Be3 Bxe3 12. Nxe3 Rhd8 13. Nc4 Be8 1/2-1/2

[Event "POL-chT Ekstraliga"]
[Site "Walbrzych"]
[Date "2024.10.08"]
[Round "2.23"]
[White "Seemann, Jakub"]
[Black "Skawinski, Arkadiusz"]
[Result "1-0"]
[WhiteElo "2489"]
[BlackElo "2333"]
[PlyCount "105"]
[EventDate "2024.10.07"]
[EventType "team-tourn"]
[EventRounds "9"]
[EventCountry "POL"]
[SourceTitle "CB42_2024"]
[Source "ChessBase"]
[SourceDate "2024.10.16"]
[SourceVersion "1"]
[SourceVersionDate "2024.10.16"]
[SourceQuality "1"]
[WhiteTeam "Katowice Wasko"]
[BlackTeam "Wisznia Mala Bialy Krol"]
[WhiteTeamCountry "POL"]
[BlackTeamCountry "POL"]

1. e4 e6 2. d4 d5 3. e5 c5 4. c3 Nc6 5. Nf3 Bd7 6. Be2 Nge7 7. 0-0 Ng6 8. g3 f6 9. exf6 Qxf6 10. Na3 a6 11. Nc2 cxd4 12. cxd4 Bd6 13. Ne3 0-0 14. Ng4 Qf5 15. Ng5 h5 16. f3 Nb4 17. a3 Qc2 18. Ne3 Qxd1 19. Rxd1 Nc6 20. f4 h4 21. Bg4 Rfe8 22. Nxd5 Rad8 23. Nc3 Bb8 24. Be3 Ba7 25. Bf2 Bc8 26. Ne2 hxg3 27. hxg3 Nge7 28. Kg2 Nf5 29. Bh5 Re7 30. Bg6 b5 31. g4 Nh6 32. Kg3 Rd6 33. Bh7+ Kf8 34. Be4 Nf7 35. Nf3 Bb8 36. Ne5 Ncxe5 37. fxe5 Rd8 38. Be3 Bb7 39. Bxb7 Rxb7 40. Rac1 Nxe5 41. dxe5 Rxd1 42. Rxd1 Bxe5+ 43. Kf3 Bxb2 44. Bc5+ Kf7 45. Rd8 a5 46. Nf4 g6 47. Rf8+ Kg7 48. Nxe6+ Kh7 49. Rf4 b4 50. axb4 a4 51. Rf8 Bc3 52. Ra8 a3 53. g5 1-0

[Event "POL-ch Rapid"]
[Site "Lublin"]
[Date "2024.10.05"]
[Round "2"]
[White "Skawinski, Arkadiusz"]
[Black "Olejarczyk, Remigiusz"]
[Result "1-0"]
[WhiteElo "2333"]
[BlackElo "1919"]
[PlyCount "63"]
[EventDate "2024.10.05"]
[EventType "swiss (rapid)"]
[EventRounds "9"]
[EventCountry "POL"]
[SourceTitle "CB45_2024"]
[Source "ChessBase"]
[SourceDate "2024.11.06"]
[SourceVersion "1"]
[SourceVersionDate "2024.11.06"]
[SourceQuality "1"]

1. e4 c5 2. Nf3 d6 3. Bb5+ Bd7 4. Bxd7+ Nxd7 5. 0-0 Ngf6 6. Qe2 e6 7. b3 Be7 8. Bb2 0-0 9. c4 Re8 10. d4 cxd4 11. Nxd4 Ne5 12. Nc3 Nc6 13. Nf3 a6 14. Rfd1 Qc7 15. Rac1 Nd7 16. Nd5 exd5 17. cxd5 Nde5 18. dxc6 Nxc6 19. Nd4 Nxd4 20. Rxd4 Qd7 21. Rcd1 Qe6 22. f3 Rad8 23. Rd5 f5 24. Rxf5 Bf6 25. Bxf6 gxf6 26. Qf2 Rd7 27. Qh4 Rf7 28. Qg3+ Rg7 29. Qxd6 Qc8 30. Qc5 Rc7 31. Qd4 Rc2 32. Qxf6 1-0

[Event "POL-ch Rapid"]
[Site "Lublin"]
[Date "2024.10.05"]
[Round "1"]
[White "Trusewicz, Remigiusz"]
[Black "Skawinski, Arkadiusz"]
[Result "0-1"]
[WhiteElo "1659"]
[BlackElo "2333"]
[PlyCount "126"]
[EventDate "2024.10.05"]
[EventType "swiss (rapid)"]
[EventRounds "9"]
[EventCountry "POL"]
[SourceTitle "CB45_2024"]
[Source "ChessBase"]
[SourceDate "2024.11.06"]
[SourceVersion "1"]
[SourceVersionDate "2024.11.06"]
[SourceQuality "1"]

1. e4 e6 2. d4 d5 3. Nc3 Bb4 4. e5 c5 5. Nf3 Nc6 6. a3 Bxc3+ 7. bxc3 Qa5 8. Bd2 Qa4 9. Be3 c4 10. g3 Nge7 11. Bh3 Bd7 12. 0-0 0-0-0 13. Qd2 Kb8 14. Rfb1 Ka8 15. Bg5 h6 16. Bxe7 Nxe7 17. Rb4 Qc6 18. Rab1 Rb8 19. a4 a5 20. Rb5 Qc7 21. Rc5 Qd8 22. Qc1 b6 23. Rcb5 Bxb5 24. Rxb5 Nc6 25. Nd2 Na7 26. Rb2 Qd7 27. Bg2 Rhc8 28. Nb1 Qxa4 29. Nd2 Qa3 30. Nb1 Qa1 31. h4 b5 32. f4 Nc6 33. Kf2 a4 34. Ke3 a3 35. Rb4 Nxb4 36. cxb4 Qb2 37. Qxb2 axb2 38. c3 Kb7 39. Kd2 Ra8 40. Kc2 Ra1 41. Kxb2 Rca8 42. Bf3 R8a2+ 43. Kc1 Rf2 44. Bd1 Rf1 45. Kb2 Rxb1+ 46. Kxb1 Rxd1+ 47. Kc2 Rg1 48. Kd2 Rxg3 49. h5 Rf3 50. Ke2 Rxc3 51. Kd2 Rf3 52. Ke2 Rxf4 53. Ke3 Re4+ 54. Kd2 Rxd4+ 55. Kc3 Rd3+ 56. Kc2 d4 57. Kb2 Kc6 58. Kc2 Kd5 59. Kc1 c3 60. Kc2 Kc4 61. Kb1 Kb3 62. Kc1 Rd2 63. Kb1 Rd1# 0-1

[Event "Titled Tuesday intern op 17th Sep Late"]
[Site "Chess,com INT"]
[Date "2024.09.17"]
[Round "6"]
[White "Sarkar, Justin"]
[Black "Skawinski, Arkadiusz"]
[Result "0-1"]
[WhiteElo "2273"]
[BlackElo "2333"]
[PlyCount "38"]
[EventDate "2024.09.17"]
[EventType "swiss (blitz)"]
[EventRounds "11"]
[EventCountry "USA"]
[SourceTitle "EXT 2025"]
[Source "ChessBase"]
[SourceDate "2024.10.14"]
[SourceVersion "1"]
[SourceVersionDate "2024.10.14"]
[SourceQuality "1"]

1. d4 d5 2. c4 c6 3. Nf3 Nf6 4. Nc3 e6 5. Bg5 dxc4 6. e4 b5 7. a4 b4 8. Nb1 Ba6 9. e5 h6 10. Bh4 g5 11. Nxg5 hxg5 12. Bxg5 Nbd7 13. exf6 Qa5 14. h4 c3 15. bxc3 bxc3 16. Qc2 Rb8 17. Bxa6 Rb2 18. Qd3 Qxg5 19. Nxc3 Bb4 0-1

[Event "Legnica Voivoda Cup 38th"]
[Site "Legnica"]
[Date "2024.06.04"]
[Round "9"]
[White "Kraus, Tomas"]
[Black "Skawinski, Arkadiusz"]
[Result "1/2-1/2"]
[WhiteElo "2488"]
[BlackElo "2347"]
[PlyCount "60"]
[EventDate "2024.05.29"]
[EventType "tourn"]
[EventRounds "9"]
[EventCountry "POL"]
[EventCategory "6"]
[SourceTitle "CBM 220 Extra"]
[Source "ChessBase"]
[SourceDate "2024.07.31"]
[SourceVersion "1"]
[SourceVersionDate "2024.07.31"]
[SourceQuality "1"]

1. e4 e5 2. Nf3 Nc6 3. Nc3 Nf6 4. d4 exd4 5. Nxd4 Bb4 6. Nxc6 bxc6 7. Bd3 d5 8. exd5 0-0 9. 0-0 cxd5 10. Bg5 c6 11. Qf3 Bd6 12. Rae1 Rb8 13. Nd1 h6 14. Bxf6 Qxf6 15. Qxf6 gxf6 16. b3 Be6 17. Ne3 Rfe8 18. Nf5 Bxf5 19. Bxf5 Bb4 20. Rxe8+ Rxe8 21. Bd3 Re1 22. Rxe1 Bxe1 23. Kf1 Bb4 24. a4 a5 25. h3 Kf8 26. Bh7 Kg7 27. Bd3 Kf8 28. Bh7 Kg7 29. Bd3 Kf8 30. Bh7 Kg7 1/2-1/2

[Event "Legnica Voivoda Cup 38th"]
[Site "Legnica"]
[Date "2024.06.03"]
[Round "8"]
[White "Skawinski, Arkadiusz"]
[Black "Voloshin, Leonid"]
[Result "1/2-1/2"]
[WhiteElo "2347"]
[BlackElo "2400"]
[PlyCount "29"]
[EventDate "2024.05.29"]
[EventType "tourn"]
[EventRounds "9"]
[EventCountry "POL"]
[EventCategory "6"]
[SourceTitle "CBM 220 Extra"]
[Source "ChessBase"]
[SourceDate "2024.07.31"]
[SourceVersion "1"]
[SourceVersionDate "2024.07.31"]
[SourceQuality "1"]

1. e4 c6 2. d4 d5 3. exd5 cxd5 4. c4 Nf6 5. Nc3 e6 6. Nf3 Be7 7. Bd3 0-0 8. 0-0 Nc6 9. cxd5 Nxd5 10. Qe2 Bd7 11. Qe4 Nf6 12. Qe2 Nd5 13. Qe4 Nf6 14. Qe2 Nd5 15. Qe4 1/2-1/2

[Event "Legnica Voivoda Cup 38th"]
[Site "Legnica"]
[Date "2024.05.29"]
[Round "1"]
[White "Skawinski, Arkadiusz"]
[Black "Golubka, Petr"]
[Result "1-0"]
[WhiteElo "2347"]
[BlackElo "2391"]
[PlyCount "119"]
[EventDate "2024.05.29"]
[EventType "tourn"]
[EventRounds "9"]
[EventCountry "POL"]
[EventCategory "6"]
[SourceTitle "CBM 220 Extra"]
[Source "ChessBase"]
[SourceDate "2024.07.31"]
[SourceVersion "1"]
[SourceVersionDate "2024.07.31"]
[SourceQuality "1"]

1. e4 e6 2. d4 d5 3. e5 c5 4. c3 Nc6 5. Nf3 Bd7 6. Be2 Rc8 7. 0-0 h6 8. Na3 cxd4 9. cxd4 Bxa3 10. bxa3 Nge7 11. Rb1 Na5 12. Bd2 Nec6 13. Bb5 0-0 14. Qa4 Nc4 15. Bxc6 Bxc6 16. Qxa7 b6 17. Bb4 Re8 18. Bd6 Ra8 19. Qc7 Qxc7 20. Bxc7 b5 21. Rb3 Nxa3 22. Rc1 Bd7 23. Bd6 Nc4 24. a3 Nxd6 25. exd6 Ra6 26. Ne5 Rxd6 27. Rc7 Rd8 28. Nxd7 R8xd7 29. Rxd7 Rxd7 30. Rxb5 Ra7 31. Rb3 Ra4 32. Rd3 Rc4 33. g3 g5 34. Kg2 g4 35. h3 h5 36. hxg4 hxg4 37. Rd2 Kf8 38. Kf1 Rc3 39. Ra2 Rd3 40. a4 Rxd4 41. a5 Rc4 42. a6 Rc8 43. Ke2 Ke7 44. Ke3 Kd6 45. Kf4 Ra8 46. Kxg4 Kc6 47. Kg5 Kb6 48. Kf6 Rxa6 49. Rb2+ Kc5 50. Kxf7 e5 51. g4 d4 52. g5 d3 53. g6 Ra7+ 54. Kf6 e4 55. g7 Ra8 56. Rb7 Kc6 57. Ra7 Rd8 58. Ke7 Rc8 59. Ra5 Rb8 60. Rg5 1-0

[Event "Katowice Silesia 100th Ann op"]
[Site "Katowice"]
[Date "2024.04.27"]
[Round "2"]
[White "Kania, Franciszek1"]
[Black "Skawinski, Arkadiusz"]
[Result "0-1"]
[WhiteElo "1961"]
[BlackElo "2347"]
[PlyCount "72"]
[EventDate "2024.04.27"]
[EventType "swiss (rapid)"]
[EventRounds "11"]
[EventCountry "POL"]
[SourceTitle "CBM 220 Extra"]
[Source "ChessBase"]
[SourceDate "2024.07.31"]
[SourceVersion "1"]
[SourceVersionDate "2024.07.31"]
[SourceQuality "1"]

1. e4 e6 2. d4 d5 3. Nc3 Bb4 4. e5 c5 5. a3 Bxc3+ 6. bxc3 Qa5 7. Bd2 Qa4 8. Qg4 Kf8 9. Nf3 Nc6 10. Rc1 Nge7 11. Bd3 c4 12. Be2 h6 13. h4 Rg8 14. h5 Bd7 15. Rh3 Ke8 16. Qf4 Qxa3 17. g4 Kd8 18. Qxf7 Kc7 19. Qf4 a5 20. Nh4 a4 21. Kf1 Rgf8 22. Qe3 Qb2 23. Kg2 a3 24. Rhh1 a2 25. Ra1 Qxc2 26. g5 Nf5 27. Nxf5 Rxf5 28. g6 Raf8 29. Rhf1 Qb2 30. Rad1 Rf4 31. f3 Na5 32. Qf2 R4f5 33. f4 Nb3 34. Bc1 Nxc1 35. Rxc1 Rxf4 36. Qe3 Rxf1 0-1

[Event "Katowice Silesia 100th Ann op"]
[Site "Katowice"]
[Date "2024.04.27"]
[Round "5"]
[White "Skawinski, Arkadiusz"]
[Black "Klepek, Witold"]
[Result "1/2-1/2"]
[WhiteElo "2347"]
[BlackElo "2245"]
[PlyCount "120"]
[EventDate "2024.04.27"]
[EventType "swiss (rapid)"]
[EventRounds "11"]
[EventCountry "POL"]
[SourceTitle "CBM 220 Extra"]
[Source "ChessBase"]
[SourceDate "2024.07.31"]
[SourceVersion "1"]
[SourceVersionDate "2024.07.31"]
[SourceQuality "1"]

1. e4 e6 2. d3 d5 3. Qe2 Nf6 4. Nf3 c5 5. g3 Nc6 6. Bg2 Be7 7. e5 Nd7 8. c4 dxc4 9. dxc4 b6 10. 0-0 Bb7 11. Nc3 Qc7 12. Bf4 h6 13. Rad1 g5 14. Bc1 a6 15. h3 0-0-0 16. Rfe1 Rdg8 17. g4 h5 18. b3 hxg4 19. hxg4 Nf8 20. Ne4 Nxe5 21. Nxe5 Qxe5 22. Nd6+ Bxd6 23. Qxe5 Bxe5 24. Rxe5 Bxg2 25. Kxg2 Rh4 26. Kg3 f6 27. Ree1 Rgh8 28. Rd6 Kc7 29. Red1 f5 30. gxf5 exf5 31. Rf6 Rg4+ 32. Kf3 Rh3+ 33. Ke2 Re4+ 34. Be3 Ne6 35. Kf1 Rh1+ 36. Ke2 Rxd1 37. Kxd1 f4 38. Bd2 Kd6 39. f3 Re5 40. Rh6 Ke7 41. Rh7+ Ke8 42. Bc3 Re3 43. Bf6 Nd4 44. Bxg5 Rxf3 45. Re7+ Kf8 46. Re4 Rf1+ 47. Kd2 f3 48. Be3 Ra1 49. Bxd4 cxd4 50. Rxd4 Rxa2+ 51. Ke3 f2 52. Rf4+ Ke7 53. Rxf2 Rxf2 54. Kxf2 Kd6 55. Ke3 Kc5 56. Kd3 Kb4 57. Kc2 a5 58. Kb2 a4 59. bxa4 Kxa4 60. Kc3 Ka3 1/2-1/2

[Event "Titled Tuesday intern op 16th Apr Late"]
[Site "Chess.com INT"]
[Date "2024.04.16"]
[Round "1"]
[White "Antunes, Luciano Justi"]
[Black "Skawinski, Arkadiusz"]
[Result "0-1"]
[WhiteElo "2045"]
[BlackElo "2347"]
[PlyCount "110"]
[EventDate "2024.04.16"]
[EventType "swiss (blitz)"]
[EventRounds "11"]
[EventCountry "USA"]
[SourceTitle "CBM 219 Extra"]
[Source "ChessBase"]
[SourceDate "2024.05.31"]
[SourceVersion "1"]
[SourceVersionDate "2024.05.31"]
[SourceQuality "1"]

1. e4 e6 2. d4 d5 3. e5 c5 4. c3 Nc6 5. Nf3 Bd7 6. a3 c4 7. Be2 Nge7 8. 0-0 Na5 9. Nbd2 Nc8 10. Re1 Nb6 11. Bf1 Ba4 12. Qe2 Bc2 13. Qe3 h6 14. Be2 Qc7 15. Bd1 Bh7 16. h3 Be7 17. Nh2 0-0-0 18. b4 cxb3 19. Nxb3 Nac4 20. Qg3 Rhg8 21. a4 Kb8 22. a5 Nc8 23. Be2 a6 24. Bxc4 Qxc4 25. Nd2 Qd3 26. Re3 Qc2 27. Nhf1 Na7 28. Ba3 Bxa3 29. Rxa3 Nb5 30. Rb3 Rc8 31. Kh2 Bg6 32. f4 Ka8 33. Qf3 h5 34. Qe2 Rc6 35. Rxb5 axb5 36. Qxb5 Rgc8 37. Nb3 Qb2 38. Nfd2 Bc2 39. Qb4 Bxb3 40. Nxb3 Rxc3 41. Rxc3 Qxc3 42. Qb6 Qc6 43. Nc5 Qxb6 44. axb6 Rc6 45. g4 hxg4 46. hxg4 Rxb6 47. f5 Rc6 48. Kg3 b6 49. Nd7 b5 50. Kf4 b4 51. Nc5 g6 52. fxg6 fxg6 53. Ke3 Ka7 54. Kd3 Kb6 55. Nd7+ Kb5 0-1

[Event "Karlsruhe Grenke op"]
[Site "Karlsruhe"]
[Date "2024.03.31"]
[Round "7"]
[White "Mainka, Alwin"]
[Black "Skawinski, Arkadiusz"]
[Result "1-0"]
[WhiteElo "2216"]
[BlackElo "2347"]
[PlyCount "24"]
[EventDate "2024.03.28"]
[EventType "swiss"]
[EventRounds "9"]
[EventCountry "GER"]
[SourceTitle "EXT 2025"]
[Source "ChessBase"]
[SourceDate "2024.10.14"]
[SourceVersion "1"]
[SourceVersionDate "2024.10.14"]
[SourceQuality "1"]

1. e4 c5 2. c3 e5 3. Nf3 Nc6 4. Bc4 Nf6 5. Ng5 d5 6. exd5 Nxd5 7. d4 Be6 8. Nxe6 fxe6 9. dxe5 Nxe5 10. Qh5+ Ng6 11. 0-0 Qd7 12. Bg5 Bd6 1-0

[Event "Warsaw Szansa blitz op"]
[Site "Warsaw"]
[Date "2023.09.16"]
[Round "5"]
[White "Khamidov, Abdulla"]
[Black "Skawinski, Arkadiusz"]
[Result "0-1"]
[WhiteElo "1749"]
[BlackElo "2343"]
[PlyCount "72"]
[EventDate "2023.09.16"]
[EventType "swiss (blitz)"]
[EventRounds "13"]
[EventCountry "POL"]
[SourceTitle "CBM 216 Extra"]
[Source "ChessBase"]
[SourceDate "2023.11.30"]
[SourceVersion "1"]
[SourceVersionDate "2023.11.30"]
[SourceQuality "1"]

1. e4 e6 2. d3 d5 3. Nd2 Nf6 4. Ngf3 Bc5 5. g3 dxe4 6. d4 Bb6 7. Nh4 Qxd4 8. Qe2 e3 9. fxe3 Qxe3 10. Nc4 Qxe2+ 11. Bxe2 Bd7 12. Bf4 Nd5 13. Bd2 Bc6 14. Rf1 Nd7 15. 0-0-0 0-0 16. Nxb6 axb6 17. Kb1 Nc5 18. c4 Nf6 19. Bf3 Bxf3 20. Nxf3 Nce4 21. Bf4 c6 22. Bc7 b5 23. cxb5 cxb5 24. Nd4 b4 25. Nb3 Nd5 26. Bf4 Rfd8 27. Rc1 Rac8 28. Rfe1 f5 29. Be5 Kf7 30. Na5 Nd2+ 31. Ka1 Ra8 32. Re2 Rdc8 33. Rd1 Rxa5 34. Rexd2 b3 35. a3 Rac5 36. Rxd5 Rc1+ 0-1

[Event "Warsaw Szansa blitz op"]
[Site "Warsaw"]
[Date "2023.09.16"]
[Round "12"]
[White "Skawinski, Arkadiusz"]
[Black "Slomczewski, Michal"]
[Result "0-1"]
[WhiteElo "2343"]
[BlackElo "2106"]
[PlyCount "82"]
[EventDate "2023.09.16"]
[EventType "swiss (blitz)"]
[EventRounds "13"]
[EventCountry "POL"]
[SourceTitle "CBM 216 Extra"]
[Source "ChessBase"]
[SourceDate "2023.11.30"]
[SourceVersion "1"]
[SourceVersionDate "2023.11.30"]
[SourceQuality "1"]

1. e4 c5 2. Nf3 Nc6 3. c3 d6 4. d4 Qc7 5. Be3 b6 6. Bd3 Nf6 7. h3 g6 8. 0-0 Bg7 9. d5 Nd8 10. c4 0-0 11. Nc3 a6 12. Qd2 e5 13. dxe6 Nxe6 14. Nd5 Qa7 15. Rab1 Re8 16. b4 Nd7 17. a3 Ne5 18. Nxe5 dxe5 19. Be2 Nd4 20. Bg4 f5 21. exf5 gxf5 22. Bh5 Rf8 23. f4 e4 24. Kh1 Be6 25. bxc5 bxc5 26. g4 Rad8 27. Qa5 Kh8 28. Rb6 Bxd5 29. cxd5 Rxd5 30. Rxa6 Qd7 31. Ra7 Qd8 32. Qa6 Qh4 33. Kg2 fxg4 34. hxg4 Nf5 35. Bf2 Rd2 36. Kg1 Qh3 37. gxf5 Qxh5 38. Qa5 Qg4+ 39. Kh1 Qh3+ 40. Kg1 Rg8 41. Ra8 Bf8+ 0-1

[Event "Titled Tuesday intern op 12th Sep Early"]
[Site "Chess.com INT"]
[Date "2023.09.12"]
[Round "5"]
[White "Shevchuk, Olexandr"]
[Black "Skawinski, Arkadiusz"]
[Result "1-0"]
[WhiteElo "2093"]
[BlackElo "2343"]
[PlyCount "59"]
[EventDate "2023.09.12"]
[EventType "swiss (blitz)"]
[EventRounds "11"]
[EventCountry "USA"]
[SourceTitle "EXT 2024"]
[Source "ChessBase"]
[SourceDate "2023.10.10"]
[SourceVersion "1"]
[SourceVersionDate "2023.10.10"]
[SourceQuality "1"]

1. d4 d5 2. c4 e6 3. Nf3 Nf6 4. g3 Be7 5. Bg2 0-0 6. 0-0 dxc4 7. Qc2 a6 8. a4 Bd7 9. Rd1 Bc6 10. Nc3 Bxf3 11. Bxf3 Nc6 12. Bxc6 bxc6 13. a5 Qb8 14. Ra4 Qb3 15. Qxb3 cxb3 16. Rc4 Rfd8 17. Rxc6 Bb4 18. Na4 Bxa5 19. Nc5 Bb6 20. Nxb3 a5 21. Bf4 Nd5 22. e3 a4 23. Nd2 Nb4 24. Rc4 Nd3 25. Rb1 Ba5 26. Ne4 Nxf4 27. gxf4 Bb6 28. Ra1 f5 29. Nc3 Ba5 30. Rcxa4 1-0

[Event "Titled Tuesday intern op 12th Sep Early"]
[Site "Chess.com INT"]
[Date "2023.09.12"]
[Round "2"]
[White "Zhigalko, Sergei"]
[Black "Skawinski, Arkadiusz"]
[Result "1-0"]
[WhiteElo "2572"]
[BlackElo "2343"]
[PlyCount "67"]
[EventDate "2023.09.12"]
[EventType "swiss (blitz)"]
[EventRounds "11"]
[EventCountry "USA"]
[SourceTitle "EXT 2024"]
[Source "ChessBase"]
[SourceDate "2023.10.10"]
[SourceVersion "1"]
[SourceVersionDate "2023.10.10"]
[SourceQuality "1"]

1. e4 e6 2. d4 d5 3. e5 c5 4. c3 Nc6 5. Nf3 Bd7 6. Be2 Nge7 7. Na3 cxd4 8. cxd4 Nf5 9. Nc2 Qb6 10. 0-0 Nb4 11. Ne3 Nxe3 12. fxe3 Be7 13. a3 Nc6 14. b4 0-0 15. Bd3 Rac8 16. Kh1 f5 17. exf6 Bxf6 18. Bd2 e5 19. dxe5 Nxe5 20. Nxe5 Bxe5 21. Qh5 Rxf1+ 22. Rxf1 Bf6 23. Bxh7+ Kf8 24. Qxd5 Be6 25. Qe4 Rc4 26. Qf3 Rh4 27. Bf5 Qd6 28. g3 Rc4 29. Bxe6 Qxe6 30. Qxb7 Rc2 31. Qa8+ Kf7 32. Rf2 Kg6 33. Kg2 Qd7 34. Qe4+ 1-0